Preservation and management of library collections / (Record no. 63421)
[ view plain ]
| 000 -LEADER | |
|---|---|
| fixed length control field | 00445nam a22001457a 4500 |
| 005 - DATE AND TIME OF LATEST TRANSACTION | |
| control field | 20180823120355.0 |
| 020 ## - INTERNATIONAL STANDARD BOOK NUMBER | |
| International Standard Book Number | 8170002702 |
| Terms of availability | 675.00 |
| 035 ## - SYSTEM CONTROL NUMBER | |
| System control number | B-31031, B-031032, B-031034 |
| 037 ## - SOURCE OF ACQUISITION | |
| Stock number | DPL |
| Source of stock number/acquisition | ENG |
| 100 ## - MAIN ENTRY--PERSONAL NAME | |
| Personal name | Bajpai, S. K. |
| 245 ## - TITLE STATEMENT | |
| Title | Preservation and management of library collections / |
| Statement of responsibility, etc | by S K Bajpai |
| 260 ## - PUBLICATION, DISTRIBUTION, ETC. (IMPRINT) | |
| Place of publication, distribution, etc | New Delhi |
| Name of publisher, distributor, etc | Ess Ess Publications |
| Date of publication, distribution, etc | 1999 |
| 300 ## - PHYSICAL DESCRIPTION | |
| Extent | v, 322p. |
| Dimensions | 18 cms. |
| 942 ## - ADDED ENTRY ELEMENTS (KOHA) | |
| Source of classification or shelving scheme | Dewey Decimal Classification |
| Item type | English Books |
| Classification part | 025 |
| Call number suffix | BAJ |
| Withdrawn status | Lost status | Not for loan | Collection code | Home library | Current library | Date acquired | Cost, normal purchase price | Full call number | Barcode | Cost, replacement price | Koha item type | Source of acquisition |
|---|---|---|---|---|---|---|---|---|---|---|---|---|
| Non-fiction | Patel Nagar | Patel Nagar | 03/08/2018 | 675.00 | 025 BAJ | B-031032 | 675.00 | English Books | BPPD/PUB | |||
| Non-fiction | Sarojini Nagar | Sarojini Nagar | 24/02/2012 | 675.00 | 025 BAJ | B-31031 | 675.00 | English Books | ||||
| Non-fiction | Shahdara Branch | Shahdara Branch | 23/08/2018 | 675.00 | 025 BAJ | B-031034 | 675.00 | English Books | BPPD/PUB |
